000 00663nam a2200229 a 4500
001 61817
003 BD-RjUL
005 20211209081014.0
008 170121s1969 nyua b 001 0 eng d
035 _a(BD-RjUL)61941
040 _aDLC
_cDLC
_dOCL
_dUKM
_dBD-RjUL
_beng
041 _aeng
082 _a658.8
_223
_bLYM 1969
100 1 _aLynn, Robert Athan,
_d1930-
_9184040
245 1 0 _aMarketing principles and market action /
_cRobert A. Lynn
260 _aNew York :
_bMcGraw-Hill,
_cc1969
300 _a290 p. :
_bill. ;
_c23 cm
504 _aBibliographical footnotes and index
650 0 _aMarketing
_9182579
942 _2ddc
_cBK
999 _c61817
_d61817